| 000 | 00682nam a22001937a 4500 | ||
|---|---|---|---|
| 999 |
_c3934 _d3934 |
||
| 003 | GBCCL | ||
| 005 | 20241126110507.0 | ||
| 008 | 171218b xxu||||| |||| 00| 0 eng d | ||
| 040 | _cgbc | ||
| 082 |
_a289.9092 _bCAM |
||
| 100 |
_aDennie, Steve _97698 |
||
| 245 |
_aTio Archie: _bArchie Cameron and the story of Honduras Conference of the Church of the United Brethren in Christ / _cSteve Dennie |
||
| 260 |
_bChurch of the United Brethren in Christ, _aHuntington: _c2001 |
||
| 300 |
_a256 p.; _bill., _c23 cm. |
||
| 650 |
_aCameron, Archie _y1917 - _910489 |
||
| 650 |
_aChurch of the United Brethren in Christ _vMissions _zHonduras _910490 |
||
| 650 |
_aMissions _9885 |
||
| 942 |
_2ddc _cBK |
||